|
|
|
|
| LEADER |
00000cam a2200000 a 4500 |
| 001 |
si2123 |
| 005 |
20231208062651.0 |
| 008 |
006113|2006 ||||||||r|||||||||||spa|| |
| 020 |
|
|
|a 9972511499
|
| 040 |
|
|
|b spa
|
| 082 |
0 |
|
|a 362.1
|
| 100 |
1 |
|
|a Cueto, MarcosZamora, Víctor
|9 56820
|
| 245 |
|
|
|a Historia, salud y globalización
|c Marcos Cueto, Víctor Zamora, ed.
|h imp
|
| 264 |
|
|
|a Lima
|b Universida Peruana Cayetano Heredia
|c 2006
|
| 300 |
|
|
|a 240 páginas:
|c 20.5 cm
|
| 650 |
1 |
|
|a Politicas de salud
|9 3744
|
| 650 |
1 |
|
|a Peru
|9 1313
|
| 650 |
1 |
0 |
|a Globalización
|9 11
|
| 650 |
1 |
0 |
|a Historia
|9 94
|
| 650 |
1 |
0 |
|a Salud pública
|9 108
|
| 852 |
|
|
|a UC-CDJBV
|c PRIMER PISO
|f Donación
|k sara.alvarado
|l 1
|m General
|p 20061130
|q 1
|r 2
|t si2123
|b 0
|d CDRC
|e CDRC
|g 362.1 PRIMER PISO
|z 2006-61-13
|
| 942 |
|
|
|c BK
|
| 999 |
|
|
|c 32611
|d 32611
|